| 000 | 00402nam a22001457a 4500 | ||
|---|---|---|---|
| 020 | _a9780077861537 | ||
| 082 | _a306 | ||
| 100 | _aKottak, Conrad Phillip | ||
| 245 |
_aCultural anthropology: _bappreciating cultural diversity _cConrad Phillip Kottak, |
||
| 250 | _a16th edition | ||
| 260 |
_aNew York: _bMcGraw-Hill education, _c2015. |
||
| 300 | _a355p. | ||
| 563 | _aP.B | ||
| 942 |
_2ddc _cBK |
||
| 999 |
_c603110 _d603110 |
||